ბათუმის შოთა რუსთაველის სახელმწიფო უნივერსიტეტის ბიბლიოთეკა

კორპორაციული მართვა და ხელმძღვანელთა პასუხისმგებლობა საკორპორაციო სამართალში = Corporate Governance und Leiterhaftung im Gesellschaftsrecht / (ბიბ.ჩანაწერი № 57631)

000 -ლიდერი
ფიქსირებული სიგრძის საკონტროლო ველი 01296nam a22002177a 4500
003 - საკონტროლო ნომრის იდენტიფიკატორი
საკონტროლო ველი Ge_BSU
005 - ბოლო ოპერაციის თარიღი და დრო
საკონტროლო ველი 20220322112545.0
008 - ფიქსირებული სიგრძის მონაცემთა ელემენტები - ზოგადი ინფორმაცია
ფიქსირებული სიგრძის საკონტროლო ველი 200819s2006 ge ||||| |||| 00| 0 geo d
020 ## - წიგნის საერთაშორისო სტანდარტული ნომერი
International Standard Book Number 9994080776
041 ## - ენის კოდი
Language code of text/sound track or separate title geo
080 ## - უნივერსალური ათობითი კლასიფიკაციის ინდექსი
Universal Decimal Classification number 005.35+351.712+346.26+334.75 ჭ-24
100 ## - მთავარი ჩანაწერი - პიროვნების სახელი
Personal name ჭანტურია, ლადო.
9 (RLIN) 9268
245 ## - ცნობა სათაურის შესახებ
Title კორპორაციული მართვა და ხელმძღვანელთა პასუხისმგებლობა საკორპორაციო სამართალში = Corporate Governance und Leiterhaftung im Gesellschaftsrecht /
Statement of responsibility, etc ლადო ჭანტურია ; [რედ. ნ. ელიზბარაშვილი].
264 ## - წარმოების, გამოცემის, დისტრიბუციის და სხვა ცნობები
გამოცემის, წარმოების, დისტრიბუციის... ადგილი თბ. :
გამოცემის, წარმოების, დისტრიბუციის... სახელწოდება [სამართალი],
გამოცემის, წარმოების, დისტრიბუციის... თარიღი 2006.
300 ## - ფიზიკური აღწერა
Extent 527გვ. ;
Other physical details 21სმ.
504 ## - BIBLIOGRAPHY, ETC. NOTE
Bibliography, etc ბიბლიოგრ. ტექსტ. შენიშვნ. და გვ. 486-527.
653 ## - INDEX TERM--UNCONTROLLED
Uncontrolled term კორპორაციული მართვა
653 ## - INDEX TERM--UNCONTROLLED
Uncontrolled term ხელმძღვანელთა პასუხისმგებლობა საკოპორაციო სამართალში
700 ## - ADDED ENTRY--PERSONAL NAME
Personal name ელიზბარაშვილი, ნ.
Relator term რედაქტორი
9 (RLIN) 2822
942 ## - ADDED ENTRY ELEMENTS (KOHA)
Source of classification or shelving scheme
Koha item type წიგნი
ეგზემპლარები
ჩამოწერის სტატუსი დაკარგული ეგზემპლარის სტატუსი კლასიფიკაციის წყარო ან თაროზე გაწყობის სქემა დაზიანების სტატუსი არ გაიცემა მუდმივი მდებარეობა (დაცვის ადგილი) ამჟამინდელი ადგილსამყოფელი თაროზე განთავსების ადგილი შეძენის თარიღი ღირებულება, შესყიდვის ნორმალური ფასი სრული შენახვის შიფრი შტრიხკოდი ბოლო ოპერაციის თარიღი ეგზემპლარის მიმდევრობითი ნომერი (კეტერი?) ფასის ძალაში შესვლის თარიღი ეგზემპლარის სახეობა საჯარო შენიშვნა
          ბათუმის შოთა რუსთაველის სახელმწიფო უნივერსიტეტის მთავარი ბიბლიოთეკა ბათუმის შოთა რუსთაველის სახელმწიფო უნივერსიტეტის მთავარი ბიბლიოთეკა წიგნსაცავი 2020-08-19 24.00 005.35+351.712+346.26+334.75 ჭ-24 60887 2020-08-19 60887 2020-08-19 წიგნი 24 ლ.
          ბათუმის შოთა რუსთაველის სახელმწიფო უნივერსიტეტის მთავარი ბიბლიოთეკა ბათუმის შოთა რუსთაველის სახელმწიფო უნივერსიტეტის მთავარი ბიბლიოთეკა წიგნსაცავი 2022-03-22 24.00 005.35+351.712+346.26+334.75 ჭ-24 62182 2022-03-22 62182 2022-03-22 წიგნი 24.00
          ბათუმის შოთა რუსთაველის სახელმწიფო უნივერსიტეტის მთავარი ბიბლიოთეკა ბათუმის შოთა რუსთაველის სახელმწიფო უნივერსიტეტის მთავარი ბიბლიოთეკა წიგნსაცავი 2023-02-08 12.00 005.35+351.712+346.26+334.75 ჭ-24 63677 2023-02-08 63677 2023-02-08 წიგნი 12.00